Eu sou super! (Record no. 45743)
[ view plain ]
| 000 -Etiqueta do registo | |
|---|---|
| Valores | 00741nam a2200241 4500 |
| 010 ## - Número ISBN | |
| ISBN | 9789897079177 |
| 021 ## - Número do Depósito Legal | |
| Número | 454327/19 |
| 100 ## - Dados gerais de processamento | |
| Dados gerais | 20190729d2019 cd y0pory50030103ba |
| 101 0# - Língua de publicação | |
| Língua | por |
| 102 ## - País de publicação | |
| País | PT |
| 200 1# - Titulo e menção de responsabilidade | |
| Título próprio | Eu sou super! |
| Informação de outro título | pequenos exercícios para uma grande autoestima |
| Primeira menção de responsabilidade | Joana Laranjeiro |
| Outras menções de responsabilidade | il. Diana de Oliveira |
| 205 ## - Menção da edição | |
| Edição | 1.ª ed |
| 210 #9 - Publicação | |
| Local de publicação | Amadora |
| Nome do editor | Booksmile, |
| Data de publicação | 2019 |
| 215 ## - Descrição física | |
| Paginação / Volumes | 79, [1] p. |
| Outras indicações físicas | il. |
| Dimensões | 29 cm |
| 675 ## - CDU | |
| Notação | 159.9 |
| 675 ## - CDU | |
| Notação | 087.5 |
| Edição | BN |
| Língua | por |
| 700 #1 - Autor principal | |
| Apelido | Laranjeiro, |
| Nome | Joana, |
| Datas | 1978- |
| 701 #1 - Autor co-responsavel | |
| Apelido | Oliveira, |
| Nome | Diana, |
| Datas | 1985- |
| Função | 070 |
| 801 #0 - Fonte de origem | |
| País | PT |
| Agência | BN |
| Regras de catalogação | RPC |
| 856 41 - Localização e acesso electrónico | |
| URL | <a href="http://rnod.bnportugal.gov.pt/ImagesBN/winlibimg.aspx?skey=&doc=2026688&img=128516&save=true">http://rnod.bnportugal.gov.pt/ImagesBN/winlibimg.aspx?skey=&doc=2026688&img=128516&save=true</a> |
| 990 ## - Elementos KOHA | |
| Tipo de documento | Livro |
| Aquisição | Empréstimo | Código de barras | Cota | Permissão de empréstimo | Tipo de documento | Nota relativa ao exemplar |
|---|---|---|---|---|---|---|
| Biblioteca Municipal de Redondo | Biblioteca Municipal de Redondo | 056971 | 159.9 LAR | Livro | Livro de actividades para promover a autoestima de crianças |